Clinical anatomy and physiology for veterinary technicians / (Record no. 20775)
[ view plain ]
| 000 -LEADER | |
|---|---|
| fixed length control field | 00656cam a2200217 i 4500 |
| 020 ## - INTERNATIONAL STANDARD BOOK NUMBER | |
| ISBN | 9780323227933 (pbk. : alk. paper) |
| 020 ## - INTERNATIONAL STANDARD BOOK NUMBER | |
| ISBN | 0323227937 (pbk. : alk. paper) |
| 040 ## - CATALOGING SOURCE | |
| Transcribing agency | DLC |
| 082 00 - DEWEY DECIMAL CLASSIFICATION NUMBER | |
| Classification number | 636 THO 2016 A006 Or. |
| 100 1# - MAIN ENTRY--AUTHOR NAME | |
| Personal name | Colville, Thomas P., |
| 245 10 - TITLE STATEMENT | |
| Title | Clinical anatomy and physiology for veterinary technicians / |
| 250 ## - EDITION STATEMENT | |
| Edition statement | Third edition. |
| 300 ## - PHYSICAL DESCRIPTION | |
| Number of Pages | xvii, 634 pages : |
| Other physical details | color illustrations ; |
| Dimensions | 28 cm |
| 650 #0 - SUBJECT ADDED ENTRY--TOPICAL TERM | |
| Topical Term | Veterinary anatomy. |
| 650 #0 - SUBJECT ADDED ENTRY--TOPICAL TERM | |
| Topical Term | Veterinary physiology. |
| 650 12 - SUBJECT ADDED ENTRY--TOPICAL TERM | |
| Topical Term | Animals, Domestic |
| 650 22 - SUBJECT ADDED ENTRY--TOPICAL TERM | |
| Topical Term | Animal Technicians. |
| 650 22 - SUBJECT ADDED ENTRY--TOPICAL TERM | |
| Topical Term | Animals, Domestic |
| 700 1# - ADDED ENTRY--PERSONAL NAME | |
| Personal name | Bassert, Joanna M., |
| 942 ## - ADDED ENTRY ELEMENTS (KOHA) | |
| Koha item type | ADB |
| 952 ## - LOCATION AND ITEM INFORMATION (KOHA) | |
| Withdrawn status [LOCAL, KOHA] | 0 |
| Permanent Location | Date acquired | Koha item type | Lost status | Shelving location | Barcode | Current Location | Full call number |
|---|---|---|---|---|---|---|---|
| Library Block A | 2022-11-25 | ADB | A028 | a069974 | Library Block A | 636 THO 2016 A028 Or. |